A Korea Question Tour - Statistics

General Stats
  • This quiz has been taken 6 times
  • The average score is 20 of 32
Answer Stats
Hint Answer % Correct
Musicians 2: "Dynamite," "My Universe" BTS
100%
Culture 2: First non-English Language film to win Best Picture, directed by Bong Joon-Ho Parasite
100%
Musicians 1: "Gangnam Style," "Gentleman" Psy
100%
Cities 4: Capital of North Korea Pyongyang
100%
Culture 3: Very popular TV series about people who play children's games to escape poverty Squid Game
100%
Cities 1: When Seoul was under North Korean control, the South Korean government fought the Korean War from this city. Busan
83%
Food 4: Condiment made from red chili Gochujang
83%
History 1: Antiquity-era kingdom located in modern-day North Korea Goguryeo
83%
Natural Landmarks 1: South Korea's largest island. Jeju
83%
Food 1: Spicy vegetable side dish Kimchi
83%
People 3: Leader of North Korea in the Korean War Kim il-Sung
83%
People 1: Joseon king known for his efforts to advance public literacy, even creating the Korean alphabet. Sejong the Great
83%
Culture 4: Martial art renowned for its kicking techniques, currently an Olympic Sport. Taekwondo
83%
Musicians 4: "Whistle," "Playing with Fire" Blackpink
67%
Artificial Landmarks 1: Largest of the Joseon palaces Gyeongbokgung
67%
Cities 2: Former capital of the Silla Kingdom. Gyeongju
67%
Natural Landmarks 2: Tallest mountain in Korea, located on the above. Hallasan
67%
Cities 3: US soldiers landed here to recapture Seoul in 1950 Incheon
67%
People 2: Legendary admiral known for defending Korea from Japanese invasion at the cost of his own life. Yi Sun Sin
67%
History 3: Series of protests that led to the removal of former president Syngman Rhee April Revolution
50%
People 4: Eighth president of South Korea who had previously been sentenced to death by his predecessor Kim Dae-Jung
50%
Food 3: Colorless liquor similar to vodka that can have an ABV percentage up to 53% Soju
50%
Artificial Landmarks 2: Home of six of the South Korean National Treasures. Bulguksa Temple
33%
Artificial Landmarks 3: Fortress in the city of Suwon built under King Jeongko to honor his father, who was murdered by his grandfather. Hwaseong Fortress
33%
History 2: The kingdom of Goryeo created the first metal form of this invention, almost two hundred years before Johannes Gutenberg brought the process to Europe. Movable Type
33%
Natural Landmarks 3: Island named for a general falsely convicted of treason. Namiseom
33%
Artificial Landmarks 4: Unfinished pyramid-like skyscraper planned to be a hotel. Ryugyong
33%
Natural Landmarks 4: One of the ranges in this national park translates to "Dinosaur Ridge." It is home to the eponymous third-highest peak in Korea. Seoraksan
33%
Musicians 3: "I Know," "Anyhow Song" Seo Taiji and Boys
33%
Food 2: Rice powder dish shaped into a half-moon and eaten during the autumn holiday of Chuseok Songpyeon
33%
History 4: Period of famine and economic crisis in North Korea from 1995 to 2000, as dubbed by then-president Kim Jong Il Arduous March
17%
Culture 1: Term for white porcelain produced during the Joseon Dynasty. Baekja
17%
No matching quizzes found
Score Distribution
Percent of People with Each Score
Percentile by Number Answered
Your Score History
You have not taken this quiz